| 000 | 00889cam a2200301 a 4500 | ||
|---|---|---|---|
| 999 |
_c23570 _d23542 |
||
| 001 | 13245462 | ||
| 005 | 20201203144150.0 | ||
| 008 | 030619t2003 gw a frb 001 0 eng d | ||
| 020 | _a1588901386 (TNY) | ||
| 020 | _a9783137170037 (GTV) | ||
| 020 | _a9781588901385 (TNY) | ||
| 020 | _a3137170036 (GTV) | ||
| 040 |
_aDLC _cDLC _dDLC _dEG-ScBUE _beng |
||
| 041 | 1 |
_aeng _hgre |
|
| 082 | 0 | 4 |
_a617.6300222 _bLAS _222 |
| 100 | 1 | _aLaskaris, George. | |
| 245 | 1 | 0 |
_aColor atlas of oral diseases / _cGeorge Laskaris. |
| 250 | _a3rd ed. | ||
| 260 |
_aStuttgart ; _aNew York : _bThieme, _cc.2003. |
||
| 300 |
_ax, 454 p. : _bill. ; _c29 cm. |
||
| 500 | _aIndex : p. 446-454. | ||
| 504 | _aBibliography : p. 415-445. | ||
| 650 | 7 |
_aMouth _xDiseases _vAtlases. _2BUEsh _937686 |
|
| 650 | 7 |
_aMouth Diseases _vatlases. _2BUEsh |
|
| 651 | _2BUEsh | ||
| 653 |
_bPPhrm _cDecember2016 |
||
| 942 | _2ddc | ||